Furniture in Spanish - Statistics

General Stats
  • This quiz has been taken 18 times
    9 since last reset
  • The average score is 13 of 21
Answer Stats
Hint Answer % Correct
the bed la cama
100%
the closet el armario
86%
the mirror el espejo
86%
the clock/watch el reloj
86%
the bedroom la habitación
86%
the wall la pared
86%
the painting el cuadro
71%
the room (any)/the bedroom el cuarto
71%
the video el video
71%
the rug la alfombra
71%
the lamp la lámpara
71%
the curtains las cortinas
71%
the alarm clock el despertador
57%
the compact disc/cd el disco compacto
57%
the television el televisor
57%
several shelves la estantería
43%
the night table la mesita
43%
the sound (stereo) system el equipo de sonido
29%
the shelf el estante
29%
the DVD player el lector DVD
14%
the dresser la cómoda
0%
No matching quizzes found
Score Distribution
Percent of People with Each Score
Percentile by Number Answered
Your Score History
You have not taken this quiz since the last reset